00627 2200241 4500001002100000005001500021035002000036007000300056008004100059020002200100082001100122084001700133100001700150245006400167250001000231260003500241300003100276650002300307700002100330990001000351990001200361990001200373INLIS00000000000510120200204024134 a0010-0120000186ta200204 a 1 ind  a978-979-074-729-6 a028.55 a028.55 WAT m0 aWATIEK, Ideo1 aMakan Rame-rame /cWatiek Ideo; penyunting, M. Dinar Tanama acet.1 aJakarta :bBhuana Ilmu Populer a14 hlm. :bilus. ;c19 cm. 4aBACAAN KANAK-KANAK0 aTANAMA, M. Dinar a16323 a16323 A a16323 B